[Event "34th Chess Olympiad (women)"]
[Site "Istanbul"]
[Date "2000.11.05"]
[Round "8.36.2"]
[White "Meseli, Perihan"]
[Black "Khalifeh, Diana"]
[WhiteElo "2000"]
[BlackElo "2000"]
[WhiteCountry "TURB"]
[BlackCountry "SYR"]
[Result "1-0"]

1. Nf3 Nf6 2. g3 e6 3. Bg2 d5 4. O-O c5 5. d3 Nc6 6. Nbd2 Be7 7. e4 O-O 
8. e5 Nd7 9. Re1 Qc7 10. Qe2 b6 11. Nf1 Bb7 12. h4 Rac8 13. Bf4 Rfd8 
14. Ne3 Nd4 15. Nxd4 cxd4 16. Nxd5 Bxd5 17. Bxd5 Qxc2 18. Bc4 Qxe2 19. Rxe2 Nb8 
20. Rc1 Kf8 21. Rec2 h6 22. Kg2 Rc5 23. b4 Rc7 24. Bd2 Rdc8 25. f4 Bd8 
26. a4 a6 27. b5 a5 28. Bb3 Rxc2 29. Rxc2 Rxc2 30. Bxc2 f5 31. Be1 Be7 
32. Bf2 Bc5 33. h5 Kf7 34. Kf3 Nd7 35. g4 g6 36. Bb3 Nf8 37. hxg6+ Kxg6 
38. gxf5+ Kxf5 39. Be1 Ng6 40. Bd2 Nf8 41. Bd1 Nd7 42. Kg3 Nf8 43. Bg4+ Kg6 
44. Kf3 h5 45. Bh3 Kf7 46. Ke4 Nd7 47. f5 Nf8 48. Be1 exf5+ 49. Bxf5 Ne6 
50. Bxe6+ Kxe6 51. Bh4 Be7 52. Bxe7 Kxe7 53. Kxd4 Ke6 54. Ke4 h4 55. d4 h3 
56. Kf3 Kd5 
1-0

[Event "34th Chess Olympiad (women)"]
[Site "Istanbul"]
[Date "2000.11.05"]
[Round "8.36.3"]
[White "Mir Mahmoud, Afamia"]
[Black "Aydin, Nazli"]
[WhiteElo "2000"]
[BlackElo "2000"]
[WhiteCountry "SYR"]
[BlackCountry "TURB"]
[Result "0-1"]

1. d4 d5 2. c4 c6 3. Nc3 Nf6 4. Nf3 dxc4 5. a4 Bf5 6. e3 e6 7. Bxc4 Bb4 
8. O-O O-O 9. Qe2 Nbd7 10. Rd1 Bg4 11. e4 Qe7 12. h3 Bh5 13. Bg5 h6 
14. Bh4 Bxc3 15. bxc3 e5 16. d5 Qc5 17. Bxf6 Nxf6 18. Rab1 Rab8 19. dxc6 Qxc6 
20. g4 Bg6 21. Nxe5 Qxe4 22. Nxg6 Qxe2 23. Bxe2 fxg6 24. Bf3 b6 25. c4 Rbe8 
26. Rd4 Re5 27. Kg2 Kh7 28. Rb5 Rfe8 29. Kg3 Ne4+ 30. Bxe4 Rxe4 31. Rd7 R8e7 
32. Rxe7 Rxe7 33. Rd5 Rc7 34. Rd4 Rc5 35. Kf4 Ra5 36. Ke4 Rxa4 37. f3 g5 
38. f4 gxf4 39. Kxf4 b5 40. Ke5 Rxc4 
0-1

[Event "34th Chess Olympiad (women)"]
[Site "Istanbul"]
[Date "2000.11.05"]
[Round "8.37.1"]
[White "Lai, Xiaoqing"]
[Black "Gretarsdottir, Lilja"]
[WhiteElo "2000"]
[BlackElo "2000"]
[WhiteCountry "JPN"]
[BlackCountry "ISL"]
[Result "1-0"]

1. d4 d5 2. Nf3 c6 3. Bf4 Bf5 4. e3 e6 5. Bd3 Bg6 6. O-O Qb6 7. Bxg6 hxg6 
8. Nbd2 Nf6 9. Ne5 Be7 10. Bg5 c5 11. c4 O-O 12. cxd5 Nxd5 13. Bxe7 Nxe7 
14. Ndc4 Qc7 15. dxc5 Qxc5 16. Rc1 Qb5 17. a4 Qd5 18. Qb3 b6 19. Rfd1 Qe4 
20. f4 Nf5 21. Rc3 Na6 22. Nd2 Qb4 23. Qc2 Nc5 24. b3 Qa5 25. Ndc4 Qa6 
26. e4 Ne7 27. Nd7 Rfd8 28. Nxc5 bxc5 29. Rcd3 Nc6 30. Rd6 Rxd6 31. Rxd6 Nd4 
32. Rxa6 Nxc2 33. Na5 Nd4 34. Nc6 Nxb3 35. Rxa7 Rxa7 36. Nxa7 c4 37. Nb5 Kf8 
38. Kf2 Ke7 39. Ke3 Kd7 
1-0

[Event "34th Chess Olympiad (women)"]
[Site "Istanbul"]
[Date "2000.11.05"]
[Round "8.37.2"]
[White "Kristinsdottir, A"]
[Black "Watai, Miyoko"]
[WhiteElo "2025"]
[BlackElo "2000"]
[WhiteCountry "ISL"]
[BlackCountry "JPN"]
[Result "0-1"]

1. e4 e5 2. Nf3 Nc6 3. d4 exd4 4. Nxd4 Bc5 5. Nxc6 Qf6 6. Qe2 dxc6 7. Nc3 Be6 
8. Be3 Bxe3 9. Qxe3 Ne7 10. O-O-O Ng6 11. Kb1 O-O 12. g3 Bg4 13. Be2 Bxe2 
14. Qxe2 Rfd8 15. f4 Rxd1+ 16. Rxd1 Rd8 17. Re1 Rd4 18. Qe3 Qd8 19. Kc1 a6 
20. e5 Qd7 21. e6 fxe6 22. Qxe6+ Qxe6 23. Rxe6 Kf7 24. Re2 h6 25. Ne4 b6 
26. c3 Rd5 27. Kc2 Ne7 28. Nf2 Ng6 29. Nd3 c5 30. h3 Rd6 31. Rf2 Rd5 32. g4 a5 
33. b3 Kf6 34. Re2 Rxd3 35. Kxd3 Nxf4+ 36. Ke3 Nxe2 37. Kxe2 Ke5 38. Ke3 b5 
39. a4 c6 40. c4 bxa4 41. bxa4 g5 42. Kd3 Kf4 43. h4 gxh4 44. Ke2 Kxg4 
45. Kf2 Kf4 46. Kg2 Ke4 
0-1

[Event "34th Chess Olympiad (women)"]
[Site "Istanbul"]
[Date "2000.11.05"]
[Round "8.37.3"]
[White "Nakagawa, Emiko"]
[Black "Larusdottir, Aldis"]
[WhiteElo "2000"]
[BlackElo "2000"]
[WhiteCountry "JPN"]
[BlackCountry "ISL"]
[Result "1-0"]

1. d4 d5 2. c4 c6 3. e3 Nf6 4. Nc3 e6 5. Nf3 Nbd7 6. Bd3 Be7 7. O-O dxc4 
8. Bxc4 c5 9. b3 O-O 10. Bb2 cxd4 11. Nxd4 a6 12. Be2 Nc5 13. Qc2 b5 
14. Bf3 Bb7 15. Bxb7 Nxb7 16. Rac1 Rc8 17. Qe2 Qb6 18. Rfd1 Rfd8 19. Qf3 Rc7 
20. Nce2 Rdc8 21. Ng3 Rxc1 22. Rxc1 Rxc1+ 23. Bxc1 h6 24. Bb2 Nc5 25. Nc6 Nd5 
26. Nxe7+ Nxe7 27. Qa8+ Kh7 28. Qf8 e5 29. Qxe7 Nd3 30. Bxe5 Qa5 31. Qxf7 Qe1+ 
32. Nf1 Nxe5 33. Qf5+ Ng6 34. h4 Kh8 35. Qxg6 Qa5 36. Qc2 b4 37. Nd2 Qd8 
38. Nf3 a5 39. Qd2 Qf6 40. Qd4 Qf8 41. Ne5 Qc8 42. Nc4 
1-0

[Event "34th Chess Olympiad (women)"]
[Site "Istanbul"]
[Date "2000.11.05"]
[Round "8.38.1"]
[White "Hind, Bahji"]
[Black "Belc, Daniela"]
[WhiteElo "2000"]
[BlackElo "2073"]
[WhiteCountry "MAR"]
[BlackCountry "CAN"]
[Result "1/2-1/2"]

1. d4 d5 2. e3 Bf5 3. c4 c6 4. Nc3 e6 5. Nf3 Nf6 6. Qb3 Qb6 7. Qxb6 axb6 
8. a3 Nbd7 9. Nh4 Bc2 10. Bd2 dxc4 11. Bxc4 b5 12. Rc1 bxc4 13. Rxc2 Be7 
14. Nf3 O-O 15. O-O Rfc8 16. Na2 b5 17. Bb4 Bxb4 18. Nxb4 Nd5 19. Na2 N7f6 
20. Nd2 c5 21. dxc5 Rxc5 22. Rfc1 g6 23. h3 Kg7 24. b3 Rxa3 25. bxc4 bxc4 
26. Nxc4 Rxc4 27. Rxc4 Rxa2 28. Rb1 Ra7 29. Kf1 Ra3 30. Kg1 Nd7 31. e4 N5f6 
32. Rb7 Ra1+ 33. Kh2 Re1 34. Rcc7 Rxe4 35. Rxd7 Nxd7 36. Rxd7 h5 37. Kg3 Ra4 
38. Kf3 h4 39. Rb7 g5 40. Rd7 Kg6 41. Rb7 f6 42. Rb6 Kf5 43. Rb5+ e5 
44. Rb6 Ra1 45. Rb4 Re1 46. g4+ hxg3 47. fxg3 Rd1 48. h4 gxh4 49. Rxh4 Rd3+ 
50. Kf2 Rd4 51. Rh8 Ke4 52. Ke2 f5 53. Rh4+ Kd5 54. Rh8 Ra4 55. Rh5 Ra2+ 
56. Ke3 Ra3+ 57. Ke2 Ke4 58. Rh4+ f4 59. gxf4 exf4 60. Rh8 Ra2+ 61. Kf1 Ke3 
62. Rf8 Kf3 63. Kg1 Ra3 64. Rf7 Ra4 65. Rf8 Re4 66. Kf1 Rb4 67. Kg1 Rb1+ 
68. Kh2 Ke3 69. Kg2 Rb2+ 70. Kf1 Rh2 71. Kg1 Rh4 72. Re8+ Kf3 73. Rf8 Rh3 
74. Ra8 Rg3+ 75. Kf1 Rg5 76. Ra3+ Kg4 77. Kf2 Rb5 78. Ra8 Rb2+ 79. Kf1 Kg3 
80. Rg8+ Kf3 81. Kg1 Rb1+ 82. Kh2 Kf2 83. Rg2+ Ke3 84. Ra2 f3 85. Ra3+ Ke2 
86. Ra2+ Ke1 87. Kg3 Rb3 88. Rf2 Ra3 89. Rxf3 
1/2-1/2

[Event "34th Chess Olympiad (women)"]
[Site "Istanbul"]
[Date "2000.11.05"]
[Round "8.38.2"]
[White "Bryskine, Marina"]
[Black "Amina, Oubaaqua"]
[WhiteElo "2200"]
[BlackElo "2000"]
[WhiteCountry "CAN"]
[BlackCountry "MAR"]
[Result "1-0"]

1. e4 c5 2. Nf3 Nc6 3. d4 cxd4 4. Nxd4 Nf6 5. Nc3 d6 6. Be2 a6 7. a4 e6 
8. O-O Be7 9. Be3 Qc7 10. f4 O-O 11. Kh1 b6 12. Bf3 Bb7 13. Qe1 Rfd8 
14. Rd1 Nb4 15. Rd2 d5 16. e5 Nd7 17. Qg3 Nc6 18. Nce2 Nf8 19. Nxc6 Bxc6 
20. Ra1 f6 21. Bd4 f5 22. Qf2 Nd7 23. g4 Bc5 24. gxf5 exf5 25. Qg2 Nf8 
26. Bxc5 bxc5 27. c4 Qd7 28. Bxd5+ Bxd5 29. cxd5 Rab8 30. Rg1 Ng6 31. Qg5 Qxa4 
32. Qxf5 Rf8 33. Qd3 Nxf4 34. Nxf4 Rxf4 35. Rdg2 Rb7 36. Qh3 Qe8 37. e6 Rd4 
38. Qc3 Qf8 39. Rg5 Qd6 40. Qf3 Rd2 41. Rxg7+ Rxg7 42. Qf7+ 
1-0

[Event "34th Chess Olympiad (women)"]
[Site "Istanbul"]
[Date "2000.11.05"]
[Round "8.38.3"]
[White "Kamal, Fatima"]
[Black "Chu, Stefanie"]
[WhiteElo "2000"]
[BlackElo "2020"]
[WhiteCountry "MAR"]
[BlackCountry "CAN"]
[Result "0-1"]

1. e4 c5 2. Nf3 d6 3. d4 cxd4 4. Nxd4 Nf6 5. Nc3 a6 6. Be2 e6 7. Be3 Be7 
8. O-O Nc6 9. f4 O-O 10. Bf3 Qc7 11. Kh1 Re8 12. a3 Bf8 13. Nxc6 bxc6 14. g4 e5 
15. f5 Bb7 16. g5 Nd7 17. Rg1 Nb6 18. Rg3 Nc4 19. Bc1 Rad8 20. Rh3 g6 21. f6 d5 
22. Bg4 d4 23. Qe1 dxc3 24. Qh4 h6 25. b3 Nd6 26. gxh6 Kh7 27. Rxc3 Nxe4 
28. Re3 c5 29. Bf3 Nd6 30. Bxb7 Qxb7+ 31. Kg1 Nf5 32. Qc4 Rd1+ 33. Kf2 Nxe3 
34. Kxe3 Bxh6+ 35. Ke2 Rxc1 36. Rxc1 Bxc1 37. Qh4+ Bh6 38. Qc4 Qg2+ 
39. Ke1 Qd2+ 40. Kf1 Qf4+ 
0-1

[Event "34th Chess Olympiad (women)"]
[Site "Istanbul"]
[Date "2000.11.05"]
[Round "8.39.1"]
[White "Tan, Winnie"]
[Black "Phiri, Catherine"]
[WhiteElo "2000"]
[BlackElo "2000"]
[WhiteCountry "SIN"]
[BlackCountry "ZAM"]
[Result "1-0"]

1. e4 d6 2. d4 Nf6 3. Nc3 g6 4. Bc4 Nxe4 5. Qf3 Nf6 6. Bg5 Nc6 7. Bxf6 exf6 
8. O-O-O Bg7 9. Re1+ Ne7 10. Nd5 O-O 11. Nxe7+ Kh8 12. Nxc8 Qxc8 13. Qb3 Qd7 
14. h4 h5 15. f3 f5 16. Ne2 a5 17. g4 a4 18. Qe3 b5 19. Bd3 fxg4 20. fxg4 Qxg4 
21. Reg1 Qd7 22. Qg5 Qe6 23. Kb1 f5 24. Nf4 Qf7 25. Nxg6+ Kh7 26. Nxf8+ Rxf8 
27. c3 Rg8 28. Qxf5+ Qxf5 29. Bxf5+ Kh8 30. Rg5 Re8 31. Rhg1 Re7 32. Rxh5+ Kg8 
33. Rhg5 Kf8 34. h5 Rf7 35. Be6 Ke7 36. Bxf7 Kxf7 37. Rxg7+ Ke6 38. h6 Kd5 
39. h7 Kc6 40. h8=Q 
1-0

[Event "34th Chess Olympiad (women)"]
[Site "Istanbul"]
[Date "2000.11.05"]
[Round "8.39.2"]
[White "Banda, Mercy"]
[Black "Xu, Yaping"]
[WhiteElo "2000"]
[BlackElo "2000"]
[WhiteCountry "ZAM"]
[BlackCountry "SIN"]
[Result "0-1"]

1. e4 c5 2. Bc4 d6 3. h3 Nf6 4. Nc3 a6 5. Nf3 e6 6. Bb3 b5 7. a3 b4 
8. axb4 cxb4 9. Na2 Nxe4 10. Nxb4 Qb6 11. Nd3 Be7 12. O-O O-O 13. Kh1 Bb7 
14. Qe2 Nd7 15. Nde1 Nec5 16. Ba2 Bf6 17. c3 Nb3 18. Bxb3 Qxb3 19. d4 Rfe8 
20. Nd2 Qd5 21. Qf3 Qb5 22. Qd3 Qh5 23. Nef3 e5 24. Ne4 Bxe4 25. Qxe4 exd4 
26. Qc6 Ne5 27. Nxe5 Qe2 28. Qc4 Rxe5 29. Qxe2 Rxe2 30. c4 Rc2 31. Re1 h6 
32. Bf4 Rxf2 33. Bxd6 Rxb2 34. Be5 Bxe5 35. Rxe5 Rc2 36. c5 d3 37. Rd5 d2 
38. Rd1 Rc8 39. R1xd2 Rxd2 40. Rxd2 Rxc5 41. Kg1 Kf8 42. Kf2 Ke7+ 43. Ke3 Ke6+ 
44. Kf4 a5 45. g4 a4 46. Ke4 Re5+ 47. Kf3 a3 48. Ra2 Ra5 49. Ke4 Ra4+ 
50. Kd3 Kd5 51. Kc3 Ke4 52. Kb3 Ra7 53. Rxa3 Rxa3+ 54. Kxa3 Kf4 55. Kb4 Kg3 
56. Kb4 Kg3 
0-1

[Event "34th Chess Olympiad (women)"]
[Site "Istanbul"]
[Date "2000.11.05"]
[Round "8.39.3"]
[White "Liu, Yang"]
[Black "Munsaka, Laura"]
[WhiteElo "2000"]
[BlackElo "2000"]
[WhiteCountry "SIN"]
[BlackCountry "ZAM"]
[Result "1-0"]

1. d4 d5 2. c4 dxc4 3. e3 b5 4. a4 c6 5. axb5 cxb5 6. Qf3 Bb7 7. Qxb7 Nd7 
8. Qxb5 Ngf6 9. Bxc4 e6 10. Nf3 Be7 11. O-O O-O 12. Qa5 Nb6 13. Bd3 Qc7 
14. Qc3 Qd8 15. Qe1 Qc7 16. Bd2 Nfd7 17. Bb4 Bxb4 18. Qxb4 Nd5 19. Qc4 Qb6 
20. Qb5 Qc7 21. Nbd2 N7f6 22. Rfc1 Qd8 23. Qa5 Qd7 24. Ne5 Qe7 25. Ne4 Nxe4 
26. Bxe4 Rfc8 27. Bxd5 exd5 28. Qxd5 Rxc1+ 29. Rxc1 Qf8 30. Rc7 Rc8 
31. Rxc8 Qxc8 32. Qxf7+ Kh8 33. h3 Qg8 34. Qxg8+ Kxg8 35. Nc6 a6 36. b4 
1-0

[Event "34th Chess Olympiad (women)"]
[Site "Istanbul"]
[Date "2000.11.05"]
[Round "8.40.1"]
[White "Mak, Sharon"]
[Black "Pacheco, Hilzandryly"]
[WhiteElo "2000"]
[BlackElo "2000"]
[WhiteCountry "MAC"]
[BlackCountry "PUR"]
[Result "0-1"]

1. e4 d5 2. Nc3 dxe4 3. Nxe4 e5 4. Nf3 Bg4 5. Be2 Nc6 6. c3 Qd5 7. Qc2 f5 
8. c4 Qxe4 9. Qxe4 fxe4 10. Ng5 Bxe2 11. Kxe2 Nf6 12. Ne6 Nd4+ 13. Nxd4 exd4 
14. Re1 O-O-O 15. a3 Ng4 16. h3 Ne5 17. d3 Nxd3 18. Bg5 Rd7 19. Reb1 Bd6 
20. Bd2 Rf8 21. f3 Nf4+ 22. Bxf4 exf3+ 23. gxf3 Rxf4 24. Re1 
0-1

[Event "34th Chess Olympiad (women)"]
[Site "Istanbul"]
[Date "2000.11.05"]
[Round "8.40.2"]
[White "Basem-Hassan, Mirian"]
[Black "Choi, Kuan"]
[WhiteElo "2000"]
[BlackElo "2000"]
[WhiteCountry "PUR"]
[BlackCountry "MAC"]
[Result "1-0"]

1. d4 Nf6 2. e3 g6 3. Bd3 d5 4. f4 c6 5. Nf3 Nbd7 6. O-O e6 7. c3 Bg7 
8. Ne5 Nxe5 9. fxe5 Ne4 10. Nd2 Nxd2 11. Bxd2 O-O 12. e4 Qe7 13. exd5 exd5 
14. Qc1 Qe6 15. Bh6 Bxh6 16. Qxh6 Bd7 17. Rf6 Qe7 18. Rff1 Be6 19. Rf4 g5 
20. Qxg5+ Kh8 21. Qh6 
1-0

[Event "34th Chess Olympiad (women)"]
[Site "Istanbul"]
[Date "2000.11.05"]
[Round "8.40.3"]
[White "Dylis Ma, Pui"]
[Black "Perez, Dolimar"]
[WhiteElo "2000"]
[BlackElo "2000"]
[WhiteCountry "MAC"]
[BlackCountry "PUR"]
[Result "0-1"]

1. e4 e5 2. Nf3 Nc6 3. Bc4 Bc5 4. a3 Nf6 5. Nc3 O-O 6. O-O d6 7. Na4 Bb6 
8. Nxb6 axb6 9. Re1 Bg4 10. h3 Bh5 11. Be2 Nxe4 12. d3 Nc5 13. d4 Bxf3 
14. Bxf3 Nxd4 15. Bd5 c6 16. c3 Nde6 17. Ba2 Re8 18. Be3 Qc7 19. Qd2 d5 
20. f3 e4 21. Rf1 f5 22. f4 Nd3 23. g3 Nec5 24. b4 Ne6 25. Bb3 Rad8 26. Rad1 c5 
27. Ba2 d4 
0-1

[Event "34th Chess Olympiad (women)"]
[Site "Istanbul"]
[Date "2000.11.05"]
[Round "8.41.2"]
[White "Abdulsalam, Rawidah"]
[Black "Afonso, Vieira"]
[WhiteElo "2000"]
[BlackElo "2000"]
[WhiteCountry "YEM"]
[BlackCountry "ANG"]
[Result "1-0"]

1. e4 e5 2. Nf3 Nc6 3. d4 exd4 4. Nxd4 Nxd4 5. Qxd4 d6 6. Bd3 Nf6 7. O-O h6 
8. Re1 c5 9. Qe3 Be7 10. h3 O-O 11. e5 dxe5 12. Qxe5 Be6 13. Re3 Qd6 
14. Nc3 Qxe5 15. Rxe5 Bd6 16. Re2 Rad8 17. Be3 b6 18. Rae1 Bb8 19. Bb5 Bd7 
20. Bxd7 Rxd7 21. f4 Rfd8 22. g4 Nd5 23. Nxd5 Rxd5 24. c4 R5d7 25. Kg2 Kh7 
26. Kf3 Rd1 27. Rxd1 Rxd1 28. Rd2 Rxd2 29. Bxd2 Kg6 30. Ke4 h5 31. Kd5 hxg4 
32. hxg4 f5 33. gxf5+ Kxf5 34. Bc3 g6 35. Be5 g5 36. Bxb8 gxf4 37. Kc6 f3 
38. Bg3 Ke4 39. Kb7 
1-0

[Event "34th Chess Olympiad (women)"]
[Site "Istanbul"]
[Date "2000.11.05"]
[Round "8.41.3"]
[White "Conceicao Venancio, Maria"]
[Black "Abdulsalam, Nadhmeia"]
[WhiteElo "2000"]
[BlackElo "2000"]
[WhiteCountry "ANG"]
[BlackCountry "YEM"]
[Result "1-0"]

1. d4 d5 2. c4 Nf6 3. Nc3 c6 4. Nf3 g6 5. e3 Bg7 6. cxd5 cxd5 7. Bb5+ Bd7 
8. Qb3 e6 9. Ne5 O-O 10. Bxd7 Nbxd7 11. Nd3 Qb6 12. Qxb6 Nxb6 13. O-O Ne8 
14. b3 Nd7 15. Ba3 Nd6 16. Bxd6 Rfc8 17. Rac1 a5 18. a4 Ra6 19. Ba3 Rac6 
20. Nb5 Ra8 21. Rxc6 bxc6 22. Nc3 Rb8 23. Rb1 Rb7 24. Nc5 Nxc5 25. Bxc5 Bf8 
26. Bxf8 Kxf8 27. Kf1 Ke7 28. Na2 Kd6 29. b4 axb4 30. Rxb4 Ra7 31. Nc3 f5 
32. Ke2 h5 33. h4 Kc7 34. Kd3 Kd6 35. Rb8 Ke7 36. Rb6 Kd6 37. Nb5+ Kd7 
38. Nxa7 Kc7 39. a5 
1-0

[Event "34th Chess Olympiad (women)"]
[Site "Istanbul"]
[Date "2000.11.05"]
[Round "8.42.1"]
[White "Babic, Gail"]
[Black "Mudongo, Boikhutso"]
[WhiteElo "2000"]
[BlackElo "2000"]
[WhiteCountry "ISV"]
[BlackCountry "BOT"]
[Result "0-1"]

1. e4 c5 2. Nf3 d6 3. Bc4 e6 4. Nc3 Nf6 5. O-O Be7 6. d3 O-O 7. Be3 a6 
8. e5 dxe5 9. Nxe5 Nbd7 10. Nxd7 Bxd7 11. Ne4 Nxe4 12. dxe4 Bc6 13. f3 Qc7 
14. a3 Rfd8 15. Qc1 Bd6 16. f4 Bxe4 17. Bd3 Bxd3 18. cxd3 Rac8 19. Qd2 Be7 
20. f5 exf5 21. Rxf5 Qd7 22. Raf1 f6 23. R5f3 Qxd3 24. R1f2 Qxd2 25. Bxd2 Rd7 
26. g3 b5 27. Rf4 Kf7 28. h4 Bd6 29. R4f3 Be5 30. b4 c4 31. Bc3 Bxc3 
32. Rxc3 Rcd8 33. Rcf3 Rd3 34. Kg2 Rxf3 35. Rxf3 Rd5 36. Rf4 Rd3 37. Kh3 Rxa3 
38. Kg4 Rd3 39. h5 c3 
0-1

[Event "34th Chess Olympiad (women)"]
[Site "Istanbul"]
[Date "2000.11.05"]
[Round "8.42.2"]
[White "Lopang, Tshepiso"]
[Black "Mody, Ila"]
[WhiteElo "2000"]
[BlackElo "2000"]
[WhiteCountry "BOT"]
[BlackCountry "ISV"]
[Result "1/2-1/2"]

1. d4 d5 2. e3 c6 3. f4 Bf5 4. Nf3 h6 5. c3 e6 6. Nbd2 Nd7 7. Be2 Ngf6 
8. Nf1 Bg6 9. Ng3 Be7 10. O-O O-O 11. Nh4 Qc7 12. Bd3 Ne4 13. Nf3 Ndf6 
14. Ne5 Kh8 15. Nh5 Nxh5 16. Qxh5 Nf6 17. Qd1 Bxd3 18. Qxd3 Nd7 19. Nxd7 Qxd7 
20. Rf3 f5 21. Bd2 a6 22. Kh1 Bd8 23. Rg1 Rf6 24. b3 Rg6 25. Rg3 Rg4 
26. Rxg4 Bf6 27. Rg3 Rg8 28. Rh3 Qf7 29. a4 e5 30. Qf1 a5 
1/2-1/2

[Event "34th Chess Olympiad (women)"]
[Site "Istanbul"]
[Date "2000.11.05"]
[Round "8.42.3"]
[White "Murphy, Margaret"]
[Black "Sabure, Tuduetso"]
[WhiteElo "2000"]
[BlackElo "2000"]
[WhiteCountry "ISV"]
[BlackCountry "BOT"]
[Result "1/2-1/2"]

1. d4 d5 2. Nf3 Nc6 3. e3 e6 4. Bd3 Bd6 5. O-O Nf6 6. Nbd2 O-O 7. Re1 e5 
8. e4 dxe4 9. Nxe4 Nxd4 10. Nxd4 Nxe4 11. Bxe4 exd4 12. g3 c5 13. b3 Rb8 
14. Bb2 f5 15. Bd5+ Kh8 16. c4 b5 17. Rc1 bxc4 18. Bxc4 
1/2-1/2

[Event "34th Chess Olympiad (women)"]
[Site "Istanbul"]
[Date "2000.11.05"]
[Round "8.43.1"]
[White "Monterroso Ochoa, Karla"]
[Black "Zsiltzova-Lisenko, Lubov"]
[WhiteElo "2000"]
[BlackElo "2273"]
[WhiteCountry "GUA"]
[BlackCountry "IBSA"]
[Result "0-1"]

1. e4 c5 2. d4 cxd4 3. c3 Nf6 4. e5 Nd5 5. cxd4 Nc6 6. Nf3 d6 7. Bc4 dxe5 
8. dxe5 Ndb4 9. Qb3 e6 10. Be3 a6 11. a4 Na5 12. Qc3 Bd7 13. Nd4 Rc8 14. b3 b5 
15. axb5 axb5 16. Nxb5 Nxc4 17. Nd6+ Nxd6 18. Qxb4 Nf5 19. Qf4 Nxe3 
20. Qxe3 Bb4+ 
0-1

[Event "34th Chess Olympiad (women)"]
[Site "Istanbul"]
[Date "2000.11.05"]
[Round "8.43.2"]
[White "Debowska, Teresa"]
[Black "Castillo Melendez, Dina"]
[WhiteElo "2094"]
[BlackElo "2071"]
[WhiteCountry "IBSA"]
[BlackCountry "GUA"]
[Result "1-0"]

1. e4 c5 2. d3 Nc6 3. Nf3 d6 4. g3 g6 5. Bg2 Bg7 6. O-O Bd7 7. Re1 Rb8 
8. Nbd2 Nf6 9. Nf1 O-O 10. h3 b5 11. N1h2 b4 12. Qe2 Qc8 13. g4 Ne8 14. Nh4 Nd4 
15. Qd1 Ba4 16. b3 Bc6 17. Be3 Nb5 18. Rf1 Nec7 19. f4 Bxa1 20.  Nc3 21. f5 Qa6 
22. a4 Qb7 23. Bh6 Rfe8 24. g5 e5 25. Ng4 Re7 26. f6 Rd7 27. Bg7 h5 
28. gxh6 Kh7 29. Nf3 Ne6 30. Qe1 Nxe4 31. dxe4 Bxe4 32. Qe2 Bc6 33. h4 e4 
34. Nfh2 Nd4 35. Qd1 Re8 36. h5 e3 37. hxg6+ fxg6 38. Bxc6 Nxc6 39. f7 Rxf7 
40. Rxf7 
1-0

[Event "34th Chess Olympiad (women)"]
[Site "Istanbul"]
[Date "2000.11.05"]
[Round "8.43.3"]
[White "Mazariegos Kummerfeld, Silvia"]
[Black "Maeckelberg, Mieke"]
[WhiteElo "2034"]
[BlackElo "2000"]
[WhiteCountry "GUA"]
[BlackCountry "IBSA"]
[Result "1-0"]

1. d4 Nf6 2. e3 d5 3. Bd3 e6 4. Nd2 c5 5. c3 Nbd7 6. f4 Be7 7. Ngf3 O-O 
8. O-O c4 9. Bc2 b5 10. Ne5 Bb7 11. Qf3 b4 12. g4 g6 13. Rf2 Rb8 14. g5 Nh5 
15. h4 Kg7 16. Nf1 Rh8 17. Ng3 Nxg3 18. Qxg3 Nxe5 19. fxe5 Qa5 20. Bd2 b3 
21. Qf4 Rhf8 22. Bb1 Qa4 23. a3 Qd7 24. h5 Qe8 25. Qh4 Rh8 26. h6+ Kg8 
27. Qf4 a5 28. e4 dxe4 29. Bxe4 Bxe4 30. Qxe4 Qd7 31. Raf1 Rf8 32. Bc1 a4 
33. Kh2 Bd8 34. Kh3 Be7 35. Kg4 Bd8 36. Kh4 Be7 37. Rf3 Bd8 38. Qe2 Qd5 
39. Qf2 Qd7 40. Rf6 Be7 41. Kg4 Bd8 42. Qf3 Bb6 43. Rd1 Re8 44. Kh4 Bd8 
45. Rf1 Rf8 46. d5 Qxd5 47. Rxf7 Qxf3 
1-0